| 000 | 00892nam0a22002651 4500 | ||
|---|---|---|---|
| 001 | rc\3332008 | ||
| 005 | 20130115151449.6 | ||
| 021 |
_aRU _b[73-94174] |
||
| 035 | _a(NLR Aleph) 007513484 | ||
| 090 |
_a7702990 _c7702990 |
||
| 100 | _a20130115d1973 |||y0rusy50 ca | ||
| 101 | 0 | _arus | |
| 102 | _aRU | ||
| 105 | _aa z ||||| | ||
| 200 | 1 | _aПереходные процессы в гидравлических механизмах | |
| 210 |
_aМосква _cМашиностроение _d1973 |
||
| 215 |
_a167 с. _cчерт. _d21 |
||
| 320 | _aСписок лит.: с. 163-165 (46 назв.) | ||
| 606 |
_aГидравлические системы _xПереходные процессы _2psbo |
||
| 700 | 1 |
_aТарко _bЛ. М. _gЛеонид Михайлович |
|
| 801 | 0 |
_aRU _bNLR _gpsbo |
|
| 801 | 1 |
_aRU _bELAR _2rusmarc |
|
| 852 |
_aNLR _j73-5/5893 |
||
| 942 | _cBOOK | ||
| 980 | _aNB | ||